<?xml version="1.0" encoding="UTF-8"?>
<collection xmlns="http://www.loc.gov/MARC21/slim">
 <record>
  <leader>04189nas a2200505 a 4500</leader>
  <controlfield tag="001">1/50443</controlfield>
  <controlfield tag="008">100309s20039999xxk rzp       0   a0eng d</controlfield>
  <datafield tag="022" ind1=" " ind2=" ">
   <subfield code="a">1477-8238</subfield>
  </datafield>
  <datafield tag="035" ind1=" " ind2=" ">
   <subfield code="l">31294</subfield>
  </datafield>
  <datafield tag="040" ind1=" " ind2=" ">
   <subfield code="a">DLC</subfield>
   <subfield code="d">GR-PeUP</subfield>
  </datafield>
  <datafield tag="090" ind1=" " ind2=" ">
   <subfield code="a">Αλφαβητική σειρά</subfield>
  </datafield>
  <datafield tag="245" ind1="0" ind2="0">
   <subfield code="a">Knowledge management research &amp; practice :</subfield>
   <subfield code="b">KMRP.</subfield>
  </datafield>
  <datafield tag="246" ind1="3" ind2="0">
   <subfield code="a">KMRP</subfield>
  </datafield>
  <datafield tag="246" ind1="3" ind2=" ">
   <subfield code="a">Knowledge management research and practice</subfield>
  </datafield>
  <datafield tag="260" ind1=" " ind2=" ">
   <subfield code="a">Hampshire, England :</subfield>
   <subfield code="b">Palgrave Macmillan on behalf of the Operational Research Society,</subfield>
   <subfield code="c">c2003-</subfield>
  </datafield>
  <datafield tag="300" ind1=" " ind2=" ">
   <subfield code="a">τ. :</subfield>
   <subfield code="b">εικ. ;</subfield>
   <subfield code="c">28 εκ.</subfield>
  </datafield>
  <datafield tag="310" ind1=" " ind2=" ">
   <subfield code="a">4 φορές το χρόνο,</subfield>
   <subfield code="b">2005-</subfield>
  </datafield>
  <datafield tag="362" ind1="0" ind2=" ">
   <subfield code="a">Vol. 7, no. 1 (March 2009)-</subfield>
  </datafield>
  <datafield tag="500" ind1=" " ind2=" ">
   <subfield code="a">&quot;A journal of the Operational Research Society&quot;.</subfield>
  </datafield>
  <datafield tag="546" ind1=" " ind2=" ">
   <subfield code="a">Αγγλική.</subfield>
  </datafield>
  <datafield tag="650" ind1=" " ind2="4">
   <subfield code="a">Knowledge management</subfield>
   <subfield code="v">Periodicals.</subfield>
  </datafield>
  <datafield tag="852" ind1=" " ind2=" ">
   <subfield code="a">INST</subfield>
   <subfield code="b">UNIPILB</subfield>
   <subfield code="c">SERIALS</subfield>
   <subfield code="e">20100309</subfield>
   <subfield code="h">Αλφαβητική σειρά</subfield>
   <subfield code="p">67307</subfield>
   <subfield code="q">67307</subfield>
   <subfield code="t">NOLOAN</subfield>
   <subfield code="v">vol.7;no.1:(Μήνας)March;(Έτος)2009</subfield>
   <subfield code="y">23</subfield>
  </datafield>
  <datafield tag="852" ind1=" " ind2=" ">
   <subfield code="a">INST</subfield>
   <subfield code="b">UNIPILB</subfield>
   <subfield code="c">SERIALS</subfield>
   <subfield code="e">20100309</subfield>
   <subfield code="h">Αλφαβητική σειρά</subfield>
   <subfield code="p">67308</subfield>
   <subfield code="q">67308</subfield>
   <subfield code="t">NOLOAN</subfield>
   <subfield code="v">vol.7;no.2:(Μήνας)June;(Έτος)2009</subfield>
   <subfield code="y">23</subfield>
  </datafield>
  <datafield tag="852" ind1=" " ind2=" ">
   <subfield code="a">INST</subfield>
   <subfield code="b">UNIPILB</subfield>
   <subfield code="c">SERIALS</subfield>
   <subfield code="e">20100309</subfield>
   <subfield code="h">Αλφαβητική σειρά</subfield>
   <subfield code="p">67309</subfield>
   <subfield code="q">67309</subfield>
   <subfield code="t">NOLOAN</subfield>
   <subfield code="v">vol.7;no.3:(Μήνας)September;(Έτος)2009</subfield>
   <subfield code="y">23</subfield>
  </datafield>
  <datafield tag="852" ind1=" " ind2=" ">
   <subfield code="a">INST</subfield>
   <subfield code="b">UNIPILB</subfield>
   <subfield code="c">SERIALS</subfield>
   <subfield code="e">20100310</subfield>
   <subfield code="h">Αλφαβητική σειρά</subfield>
   <subfield code="p">67480</subfield>
   <subfield code="q">67480</subfield>
   <subfield code="t">NOLOAN</subfield>
   <subfield code="v">vol.7;no.4:(Μήνας)December;(Έτος)2009</subfield>
   <subfield code="y">23</subfield>
  </datafield>
  <datafield tag="852" ind1=" " ind2=" ">
   <subfield code="a">INST</subfield>
   <subfield code="b">UNIPILB</subfield>
   <subfield code="c">SERIALS</subfield>
   <subfield code="e">20100706</subfield>
   <subfield code="h">Αλφαβητική σειρά</subfield>
   <subfield code="p">69353</subfield>
   <subfield code="q">69353</subfield>
   <subfield code="t">NOLOAN</subfield>
   <subfield code="v">vol.8;no.1:(Μήνας)March;(Έτος)2010</subfield>
   <subfield code="y">23</subfield>
  </datafield>
  <datafield tag="852" ind1=" " ind2=" ">
   <subfield code="a">INST</subfield>
   <subfield code="b">UNIPILB</subfield>
   <subfield code="c">SERIALS</subfield>
   <subfield code="e">20100706</subfield>
   <subfield code="h">Αλφαβητική σειρά</subfield>
   <subfield code="p">69354</subfield>
   <subfield code="q">69354</subfield>
   <subfield code="t">NOLOAN</subfield>
   <subfield code="v">vol.8;no.2:(Μήνας)June;(Έτος)2010</subfield>
   <subfield code="y">23</subfield>
  </datafield>
  <datafield tag="852" ind1=" " ind2=" ">
   <subfield code="a">INST</subfield>
   <subfield code="b">UNIPILB</subfield>
   <subfield code="c">SERIALS</subfield>
   <subfield code="e">20101018</subfield>
   <subfield code="h">Αλφαβητική σειρά</subfield>
   <subfield code="p">70198</subfield>
   <subfield code="q">70198</subfield>
   <subfield code="t">NOLOAN</subfield>
   <subfield code="v">vol.8;no.3:(Μήνας)September;(Έτος)2010</subfield>
   <subfield code="y">23</subfield>
  </datafield>
  <datafield tag="852" ind1=" " ind2=" ">
   <subfield code="a">INST</subfield>
   <subfield code="b">UNIPILB</subfield>
   <subfield code="c">SERIALS</subfield>
   <subfield code="e">20110125</subfield>
   <subfield code="h">Αλφαβητική σειρά</subfield>
   <subfield code="p">70936</subfield>
   <subfield code="q">70936</subfield>
   <subfield code="t">NOLOAN</subfield>
   <subfield code="v">vol.8;no.4:(Μήνας)December;(Έτος)2010</subfield>
   <subfield code="y">23</subfield>
  </datafield>
  <datafield tag="852" ind1=" " ind2=" ">
   <subfield code="a">INST</subfield>
   <subfield code="b">UNIPILB</subfield>
   <subfield code="c">SERIALS</subfield>
   <subfield code="e">20110722</subfield>
   <subfield code="h">Αλφαβητική σειρά</subfield>
   <subfield code="p">72398</subfield>
   <subfield code="q">72398</subfield>
   <subfield code="t">NOLOAN</subfield>
   <subfield code="v">vol.9;no.1:(Μήνας)March;(Έτος)2011</subfield>
   <subfield code="y">23</subfield>
  </datafield>
  <datafield tag="852" ind1=" " ind2=" ">
   <subfield code="a">INST</subfield>
   <subfield code="b">UNIPILB</subfield>
   <subfield code="c">SERIALS</subfield>
   <subfield code="e">20110722</subfield>
   <subfield code="h">Αλφαβητική σειρά</subfield>
   <subfield code="p">72399</subfield>
   <subfield code="q">72399</subfield>
   <subfield code="t">NOLOAN</subfield>
   <subfield code="v">vol.9;no.2:(Μήνας)June;(Έτος)2011</subfield>
   <subfield code="y">23</subfield>
  </datafield>
  <datafield tag="852" ind1=" " ind2=" ">
   <subfield code="a">INST</subfield>
   <subfield code="b">UNIPILB</subfield>
   <subfield code="c">SERIALS</subfield>
   <subfield code="e">20110928</subfield>
   <subfield code="h">Αλφαβητική σειρά</subfield>
   <subfield code="p">72796</subfield>
   <subfield code="q">72796</subfield>
   <subfield code="t">NOLOAN</subfield>
   <subfield code="v">vol.9;no.3:(Μήνας)September;(Έτος)2011</subfield>
   <subfield code="y">23</subfield>
  </datafield>
  <datafield tag="852" ind1=" " ind2=" ">
   <subfield code="a">INST</subfield>
   <subfield code="b">UNIPILB</subfield>
   <subfield code="c">SERIALS</subfield>
   <subfield code="e">20120120</subfield>
   <subfield code="h">Αλφαβητική σειρά</subfield>
   <subfield code="p">74188</subfield>
   <subfield code="q">74188</subfield>
   <subfield code="t">NOLOAN</subfield>
   <subfield code="v">vol.9;no.4:(Μήνας)December;(Έτος)2011</subfield>
   <subfield code="y">23</subfield>
  </datafield>
  <datafield tag="852" ind1=" " ind2=" ">
   <subfield code="a">INST</subfield>
   <subfield code="b">UNIPILB</subfield>
   <subfield code="c">SERIALS</subfield>
   <subfield code="e">20120430</subfield>
   <subfield code="h">Αλφαβητική σειρά</subfield>
   <subfield code="p">75340</subfield>
   <subfield code="q">75340</subfield>
   <subfield code="t">NOLOAN</subfield>
   <subfield code="v">vol.10;no.1:(Μήνας)March;(Έτος)2012</subfield>
   <subfield code="y">23</subfield>
  </datafield>
  <datafield tag="852" ind1=" " ind2=" ">
   <subfield code="a">INST</subfield>
   <subfield code="b">UNIPILB</subfield>
   <subfield code="c">SERIALS</subfield>
   <subfield code="e">20120702</subfield>
   <subfield code="h">Αλφαβητική σειρά</subfield>
   <subfield code="p">75913</subfield>
   <subfield code="q">75913</subfield>
   <subfield code="t">NOLOAN</subfield>
   <subfield code="v">vol.10;no.2:(Μήνας)June;(Έτος)2012</subfield>
   <subfield code="y">23</subfield>
  </datafield>
  <datafield tag="852" ind1=" " ind2=" ">
   <subfield code="a">INST</subfield>
   <subfield code="b">UNIPILB</subfield>
   <subfield code="c">SERIALS</subfield>
   <subfield code="e">20120924</subfield>
   <subfield code="h">Αλφαβητική σειρά</subfield>
   <subfield code="p">76590</subfield>
   <subfield code="q">76590</subfield>
   <subfield code="t">NOLOAN</subfield>
   <subfield code="v">vol.10;no.3:(Μήνας)September;(Έτος)2012</subfield>
   <subfield code="y">23</subfield>
  </datafield>
  <datafield tag="852" ind1=" " ind2=" ">
   <subfield code="a">INST</subfield>
   <subfield code="b">UNIPILB</subfield>
   <subfield code="c">SERIALS</subfield>
   <subfield code="e">20130114</subfield>
   <subfield code="h">Αλφαβητική σειρά</subfield>
   <subfield code="p">77472</subfield>
   <subfield code="q">77472</subfield>
   <subfield code="t">NOLOAN</subfield>
   <subfield code="v">vol.10;no.4:(Μήνας)December;(Έτος)2012</subfield>
   <subfield code="y">23</subfield>
  </datafield>
  <datafield tag="852" ind1=" " ind2=" ">
   <subfield code="a">INST</subfield>
   <subfield code="b">UNIPILB</subfield>
   <subfield code="c">SERIALS</subfield>
   <subfield code="e">20131219</subfield>
   <subfield code="h">Αλφαβητική σειρά</subfield>
   <subfield code="p">81686</subfield>
   <subfield code="q">81686</subfield>
   <subfield code="t">NOLOAN</subfield>
   <subfield code="v">vol.11;no.4:(Μήνας)November;(Έτος)2013</subfield>
   <subfield code="y">23</subfield>
  </datafield>
  <datafield tag="852" ind1=" " ind2=" ">
   <subfield code="a">INST</subfield>
   <subfield code="b">UNIPILB</subfield>
   <subfield code="c">SERIALS</subfield>
   <subfield code="e">20140110</subfield>
   <subfield code="h">Αλφαβητική σειρά</subfield>
   <subfield code="p">81832</subfield>
   <subfield code="q">81832</subfield>
   <subfield code="t">NOLOAN</subfield>
   <subfield code="v">vol.11;no.1:(Μήνας)February;(Έτος)2013</subfield>
   <subfield code="y">23</subfield>
  </datafield>
  <datafield tag="852" ind1=" " ind2=" ">
   <subfield code="a">INST</subfield>
   <subfield code="b">UNIPILB</subfield>
   <subfield code="c">SERIALS</subfield>
   <subfield code="e">20140110</subfield>
   <subfield code="h">Αλφαβητική σειρά</subfield>
   <subfield code="p">81833</subfield>
   <subfield code="q">81833</subfield>
   <subfield code="t">NOLOAN</subfield>
   <subfield code="v">vol.11;no.2:(Μήνας)May;(Έτος)2013</subfield>
   <subfield code="y">23</subfield>
  </datafield>
  <datafield tag="852" ind1=" " ind2=" ">
   <subfield code="a">INST</subfield>
   <subfield code="b">UNIPILB</subfield>
   <subfield code="c">SERIALS</subfield>
   <subfield code="e">20140110</subfield>
   <subfield code="h">Αλφαβητική σειρά</subfield>
   <subfield code="p">81834</subfield>
   <subfield code="q">81834</subfield>
   <subfield code="t">NOLOAN</subfield>
   <subfield code="v">vol.11;no.3:(Μήνας)August;(Έτος)2013</subfield>
   <subfield code="y">23</subfield>
  </datafield>
  <datafield tag="900" ind1=" " ind2=" ">
   <subfield code="a">Vol. 11 no. 5 (December 2013)</subfield>
   <subfield code="b">Οφειλόμενο</subfield>
   <subfield code="c">13/06/2017</subfield>
  </datafield>
  <datafield tag="950" ind1=" " ind2=" ">
   <subfield code="a">01/03/2009</subfield>
   <subfield code="c">SWETS INFORMATION SERVICES</subfield>
   <subfield code="d">670</subfield>
  </datafield>
  <datafield tag="951" ind1=" " ind2=" ">
   <subfield code="a">Vol. 11 no. 1 (February 2013) - Vol. 11 no. 4 (November 2013)</subfield>
   <subfield code="b">Main run</subfield>
  </datafield>
  <datafield tag="951" ind1=" " ind2=" ">
   <subfield code="a">Vol. 7 no. 1 (March 2009) - Vol. 10 no. 4 (December 2012)</subfield>
   <subfield code="b">Main run</subfield>
  </datafield>
 </record>
</collection>
